[Event "Kemer Turkey Cup"]
[Site "Kemer"]
[Date "2014.02.02"]
[Round "3"]
[White "Tuncer, Tuna"]
[Black "Alaslar, Devrim"]
[Result "1/2-1/2"]
[WhiteElo "1996"]
[BlackElo "2114"]
[PlyCount "31"]
[EventDate "2014.02.01"]
[EventType "swiss"]
[EventRounds "9"]
[EventCountry "TUR"]
[SourceTitle "CBM 158 Extra"]
[Source "ChessBase"]
[SourceDate "2014.02.28"]
[SourceVersion "1"]
[SourceVersionDate "2014.02.28"]
[SourceQuality "1"]

1. e4 c5 2. Nf3 Nc6 3. d4 cxd4 4. Nxd4 g6 5. Nc3 Bg7 6. Be3 Nf6 7. Bc4 0-0 8. Bb3 e6 9. 0-0 d5 10. exd5 exd5 11. Nxc6 bxc6 12. Bd4 Qc7 13. h3 Re8 14. Qf3 Ne4 15. Bxg7 Kxg7 16. Nxe4 1/2-1/2

[Event "Istanbul op-A 11th"]
[Site "Istanbul"]
[Date "2012.09.03"]
[Round "4"]
[White "Eden, Yagiz"]
[Black "Alaslar, Devrim"]
[Result "1/2-1/2"]
[WhiteElo "1755"]
[BlackElo "2151"]
[PlyCount "57"]
[EventDate "2012.08.30"]
[EventType "swiss"]
[EventRounds "9"]
[EventCountry "TUR"]
[SourceTitle "CBM 150 Extra"]
[Source "ChessBase"]
[SourceDate "2012.10.19"]
[SourceVersion "1"]
[SourceVersionDate "2012.10.19"]
[SourceQuality "1"]

1. e4 c5 2. Nf3 g6 3. c3 Nf6 4. e5 Nd5 5. d4 cxd4 6. Qxd4 Nc7 7. Bc4 Bg7 8. Qh4 h6 9. 0-0 Nc6 10. Re1 Ne6 11. Na3 a6 12. Nc2 Qc7 13. Ne3 g5 14. Qe4 Nxe5 15. Nxe5 Qxe5 16. Qxe5 Bxe5 17. Nd5 d6 18. Nb6 Rb8 19. Be3 Bd7 20. Rad1 Bc6 21. Bxe6 fxe6 22. Bd4 Bxd4 23. cxd4 Bd5 24. b3 Rf8 25. Re3 Rf4 26. Rh3 Rf6 27. Re3 Rf4 28. Rh3 Rf6 29. Re3 1/2-1/2

[Event "Istanbul op-A 11th"]
[Site "Istanbul"]
[Date "2012.08.31"]
[Round "2"]
[White "Babujian, Levon"]
[Black "Alaslar, Devrim"]
[Result "1-0"]
[WhiteElo "2482"]
[BlackElo "2151"]
[PlyCount "49"]
[EventDate "2012.08.30"]
[EventType "swiss"]
[EventRounds "9"]
[EventCountry "TUR"]
[SourceTitle "CBM 150 Extra"]
[Source "ChessBase"]
[SourceDate "2012.10.19"]
[SourceVersion "1"]
[SourceVersionDate "2012.10.19"]
[SourceQuality "1"]

1. e4 c5 2. Nc3 Nc6 3. Bb5 Nd4 4. Nf3 e6 5. 0-0 a6 6. Bd3 Nxf3+ 7. Qxf3 Qc7 8. b3 Bd6 9. h3 Be5 10. Bb2 Nf6 11. Rae1 d6 12. Nd1 Bxb2 13. Nxb2 Bd7 14. Nc4 e5 15. Ne3 0-0-0 16. Rb1 Be6 17. Bc4 b5 18. Bxe6+ fxe6 19. c4 Rhf8 20. b4 bxc4 21. bxc5 d5 22. exd5 exd5 23. Qf5+ Nd7 24. Nxd5 Qxc5 25. Qe6 1-0

[Event "NATO-ch 21st"]
[Site "Koge"]
[Date "2010.10.18"]
[Round "1"]
[White "Harwood, Duncan"]
[Black "Alaslar, Devrim"]
[Result "1/2-1/2"]
[WhiteElo "1939"]
[BlackElo "2177"]
[PlyCount "94"]
[EventDate "2010.10.18"]
[EventType "swiss"]
[EventRounds "7"]
[EventCountry "DEN"]
[SourceTitle "EXT 2011"]
[Source "ChessBase"]
[SourceDate "2010.11.26"]
[SourceVersion "1"]
[SourceVersionDate "2010.11.26"]
[SourceQuality "1"]

1. e4 c5 2. Nf3 g6 3. d4 Bg7 4. c3 cxd4 5. cxd4 d5 6. exd5 Nf6 7. Bb5+ Nbd7 8. d6 exd6 9. 0-0 0-0 10. a4 Nb6 11. a5 Nbd5 12. Qb3 Bd7 13. Bc4 Bc6 14. Bg5 Rb8 15. Nbd2 h6 16. Bh4 g5 17. Bg3 Re8 18. Qa3 Bf8 19. Qb3 Qd7 20. h4 g4 21. Nh2 b6 22. a6 b5 23. Bd3 Bg7 24. Qa3 Rbd8 25. Bb1 b4 26. Qd3 Bb5 27. Nc4 Qc6 28. b3 Nc3 29. Qd2 Bxc4 30. bxc4 Qxc4 31. Bd3 Qc6 32. Bf4 h5 33. Bh6 Nfe4 34. Qf4 d5 35. Bxg7 Kxg7 36. f3 gxf3 37. Nxf3 Qf6 38. Qxf6+ Nxf6 39. Ne5 Rd6 40. Rf5 Nce4 41. Kh2 Ng4+ 42. Kg1 Nxe5 43. dxe5 Rde6 44. Rb1 Rxe5 45. Rxe5 Rxe5 46. Rxb4 Nc5 47. Bf1 Re6 1/2-1/2

[Event "NATO-ch 20th"]
[Site "Hammelburg"]
[Date "2009.06.18"]
[Round "6"]
[White "Alaslar, Devrim"]
[Black "Kedzierski, Slawomir"]
[Result "1-0"]
[WhiteElo "2135"]
[BlackElo "2069"]
[PlyCount "83"]
[EventDate "2009.06.15"]
[EventType "swiss"]
[EventRounds "7"]
[EventCountry "GER"]
[SourceTitle "CBM 130 Extra"]
[Source "ChessBase"]
[SourceDate "2009.07.02"]
[SourceVersion "2"]
[SourceVersionDate "2009.07.15"]
[SourceQuality "1"]

1. e4 c6 2. d4 d5 3. exd5 cxd5 4. Bd3 Nf6 5. c3 Nc6 6. Bf4 g6 7. h3 Bg7 8. Nf3 Bf5 9. Bxf5 gxf5 10. Nbd2 0-0 11. g4 Qd7 12. Qc2 Ne4 13. Rg1 Kh8 14. Nh4 Nxd2 15. Qxd2 fxg4 16. hxg4 Rac8 17. Nf3 f6 18. 0-0-0 e5 19. Be3 b5 20. Kb1 a5 21. Nh4 e4 22. Nf5 Rf7 23. Bh6 Bf8 24. Bxf8 Rcxf8 25. Rh1 Ne7 26. Rh5 Nxf5 27. Rxf5 Rg8 28. Qf4 Rfg7 29. f3 exf3 30. Qxf3 Rxg4 31. Rxd5 Qg7 32. Rxb5 Rg3 33. Qf4 Rg4 34. Qf1 a4 35. a3 Rg5 36. d5 Qg6+ 37. Qd3 Qe8 38. c4 Rg3 39. Qf5 R8g6 40. d6 Qe2 41. Qc2 Qe8 42. d7 1-0

[Event "NATO-ch 20th"]
[Site "Hammelburg"]
[Date "2009.06.15"]
[Round "1"]
[White "Harwood, Duncan"]
[Black "Alaslar, Devrim"]
[Result "0-1"]
[WhiteElo "1800"]
[BlackElo "2135"]
[PlyCount "76"]
[EventDate "2009.06.15"]
[EventType "swiss"]
[EventRounds "7"]
[EventCountry "GER"]
[SourceTitle "CBM 130 Extra"]
[Source "ChessBase"]
[SourceDate "2009.07.02"]
[SourceVersion "2"]
[SourceVersionDate "2009.07.15"]
[SourceQuality "1"]

1. e4 c5 2. Nf3 g6 3. d4 cxd4 4. Qxd4 Nf6 5. e5 Nc6 6. Qa4 Nd5 7. Bb5 Bg7 8. Bxc6 dxc6 9. 0-0 0-0 10. Qh4 h5 11. Re1 Bg4 12. Qg3 Qa5 13. c3 Rad8 14. Nbd2 Nc7 15. h3 Bxf3 16. Qxf3 Rd5 17. Nb3 Qa6 18. Bf4 Ne6 19. Bg3 Rfd8 20. Qe4 Qd3 21. Qb4 R5d7 22. a4 b6 23. Rac1 Bh6 24. Rb1 c5 25. Qa3 c4 26. Na1 Nc5 27. f3 Bd2 28. Rf1 a5 29. Qa2 Be3+ 30. Kh2 Qd5 31. Nc2 Bg5 32. f4 h4 33. Be1 Qd3 34. fxg5 Qxf1 35. Bxh4 Rd1 36. Rxd1 Rxd1 37. Nd4 Ne4 38. Be1 Rxe1 0-1

[Event "NATO-ch 19th"]
[Site "Brussels"]
[Date "2008.08.05"]
[Round "3"]
[White "Hole, Oystein"]
[Black "Alaslar, Devrim"]
[Result "1-0"]
[WhiteElo "2390"]
[BlackElo "2148"]
[PlyCount "80"]
[EventDate "2008.08.04"]
[EventType "swiss"]
[EventRounds "7"]
[EventCountry "BEL"]
[SourceTitle "EXT 2015"]
[Source "ChessBase"]
[SourceDate "2014.11.20"]
[SourceVersion "1"]
[SourceVersionDate "2014.11.20"]
[SourceQuality "1"]

1. Nf3 d6 2. d4 g6 3. c4 Bg7 4. e4 Nf6 5. Nc3 0-0 6. Be2 Nbd7 7. 0-0 e5 8. Be3 Ng4 9. Bg5 f6 10. Bc1 Nh6 11. h3 Kh8 12. Be3 Nf7 13. Qc2 Ng5 14. Nxg5 fxg5 15. d5 h6 16. b4 Nf6 17. g4 Rf7 18. Kg2 Bd7 19. c5 a6 20. a4 Bf8 21. Rfc1 Qc8 22. f3 a5 23. Qb3 axb4 24. Qxb4 dxc5 25. Bxc5 b6 26. Bxf8 Qxf8 27. Qxf8+ Raxf8 28. Nb5 Nxe4 29. Rxc7 Nc5 30. Ra3 e4 31. Nd6 Rf6 32. Nxe4 Nxe4 33. Rxd7 Nc5 34. Rc7 Rd8 35. a5 Rxd5 36. axb6 Nd7 37. b7 Rb6 38. Ra8+ Kg7 39. b8Q Rxb8 40. Rxb8 Kf6 1-0

[Event "TUR-ch op"]
[Site "Antalya"]
[Date "2008.02.08"]
[Round "8.8"]
[White "Alaslar, Devrim"]
[Black "Atakisi, Umut"]
[Result "1/2-1/2"]
[WhiteElo "2141"]
[BlackElo "2391"]
[PlyCount "33"]
[EventDate "2008.02.04"]
[EventType "swiss"]
[EventRounds "11"]
[EventCountry "TUR"]
[SourceTitle "CBM 122 Extra"]
[Source "ChessBase"]
[SourceDate "2008.03.04"]
[SourceVersion "1"]
[SourceVersionDate "2008.03.04"]
[SourceQuality "1"]

1. e4 c5 2. Nc3 Nc6 3. f4 g6 4. Nf3 Bg7 5. Bb5 e6 6. Bxc6 bxc6 7. 0-0 d5 8. d3 Ne7 9. Qe1 h6 10. Kh1 f5 11. Qf2 c4 12. exf5 exf5 13. dxc4 dxc4 14. Re1 Kf7 15. Be3 Be6 16. Rad1 Bd5 17. Bxa7 1/2-1/2

[Event "TUR-ch op"]
[Site "Antalya"]
[Date "2008.02.05"]
[Round "3.5"]
[White "Alaslar, Devrim"]
[Black "Citak, Selim"]
[Result "1/2-1/2"]
[WhiteElo "2141"]
[BlackElo "2319"]
[PlyCount "35"]
[EventDate "2008.02.04"]
[EventType "swiss"]
[EventRounds "11"]
[EventCountry "TUR"]
[SourceTitle "CBM 122 Extra"]
[Source "ChessBase"]
[SourceDate "2008.03.04"]
[SourceVersion "1"]
[SourceVersionDate "2008.03.04"]
[SourceQuality "1"]

1. e4 c5 2. d3 e6 3. Qe2 Nc6 4. Nf3 Be7 5. g3 Nf6 6. Bg2 d5 7. e5 Nd7 8. 0-0 0-0 9. c3 b5 10. h4 b4 11. Bf4 bxc3 12. bxc3 Ba6 13. Nbd2 Rb8 14. c4 Nb6 15. Rfc1 dxc4 16. dxc4 Nb4 17. Ng5 Qd3 18. Qg4 1/2-1/2

[Event "TUR-ch op"]
[Site "Antalya"]
[Date "2008.02.04"]
[Round "1.27"]
[White "Alaslar, Devrim"]
[Black "Keskin, Cengiz"]
[Result "1-0"]
[WhiteElo "2141"]
[BlackElo "1661"]
[PlyCount "85"]
[EventDate "2008.02.04"]
[EventType "swiss"]
[EventRounds "11"]
[EventCountry "TUR"]
[SourceTitle "CBM 122 Extra"]
[Source "ChessBase"]
[SourceDate "2008.03.04"]
[SourceVersion "1"]
[SourceVersionDate "2008.03.04"]
[SourceQuality "1"]

1. e4 e5 2. Nc3 Nf6 3. g3 Nc6 4. Bg2 d6 5. h3 Be7 6. Nge2 a6 7. 0-0 0-0 8. d4 Rb8 9. Be3 b6 10. Qd2 Bd7 11. Kh2 Na5 12. b3 exd4 13. Nxd4 c5 14. Nde2 Qc7 15. Rad1 Nb7 16. Bg5 Bc6 17. g4 Rfe8 18. Ng3 b5 19. Rfe1 Rbd8 20. Nd5 Bxd5 21. exd5 Kf8 22. Nf5 Ng8 23. Qc3 f6 24. Nd4 Qa5 25. Ne6+ Kf7 26. Qxa5 Nxa5 27. Nxd8+ Rxd8 28. Bd2 Nb7 29. Be4 g6 30. Bd3 Ra8 31. Kg3 Bf8 32. h4 Ne7 33. Rh1 h6 34. f4 b4 35. h5 g5 36. fxg5 fxg5 37. Rhf1+ Kg8 38. Rde1 Nd8 39. Bc1 Ra7 40. Bb2 a5 41. Bh7+ Kxh7 42. Rxf8 Nf7 43. Rxf7+ 1-0

[Event "NATO-ch 18th"]
[Site "Ankara"]
[Date "2007.09.02"]
[Round "2"]
[White "Alaslar, Devrim"]
[Black "Paehtz, Elisabeth"]
[Result "0-1"]
[WhiteElo "2143"]
[BlackElo "2457"]
[PlyCount "48"]
[EventDate "2007.09.01"]
[EventType "swiss"]
[EventRounds "7"]
[EventCountry "TUR"]
[SourceTitle "EXT 2008"]
[Source "ChessBase"]
[SourceDate "2007.11.25"]
[SourceVersion "1"]
[SourceVersionDate "2007.11.25"]
[SourceQuality "1"]
[WhiteTeam "Turkey"]
[BlackTeam "Germany"]
[WhiteTeamCountry "TUR"]
[BlackTeamCountry "GER"]

1. e4 c5 2. Nc3 Nc6 3. g3 g6 4. Bg2 Bg7 5. d3 d6 6. f4 e6 7. Nf3 Nge7 8. 0-0 0-0 9. Be3 b6 10. d4 Ba6 11. Re1 d5 12. exd5 exd5 13. Bf2 Rb8 14. Rb1 Re8 15. dxc5 bxc5 16. Bxc5 d4 17. Ne4 Nf5 18. Nfg5 Bc4 19. b3 Ne3 20. Rxe3 dxe3 21. Nd6 e2 22. Qd2 Bd4+ 23. Bxd4 Qxd6 24. Re1 Ba6 0-1

[Event "NATO-ch 17th"]
[Site "Berkshire"]
[Date "2006.08.24"]
[Round "6"]
[White "Nilsen, T."]
[Black "Alaslar, Devrim"]
[Result "1-0"]
[WhiteElo "2126"]
[BlackElo "2145"]
[PlyCount "80"]
[EventDate "2006.08.21"]
[EventType "swiss"]
[EventRounds "7"]
[EventCountry "ENG"]
[SourceTitle "EXT 2007"]
[Source "ChessBase"]
[SourceDate "2006.11.23"]
[SourceVersion "1"]
[SourceVersionDate "2006.11.23"]
[SourceQuality "1"]

1. d4 Nf6 2. Nf3 g6 3. Nc3 c5 4. d5 d6 5. e4 Bg7 6. Bc4 0-0 7. 0-0 Na6 8. h3 Nc7 9. Be3 b5 10. Nxb5 Nxe4 11. Nxc7 Qxc7 12. Rb1 Rb8 13. c3 h6 14. Qc1 Kh7 15. Qc2 Nf6 16. Nh4 Nd7 17. f4 f5 18. Bd3 Bf6 19. Nxg6 Kxg6 20. Bxf5+ Kg7 21. Qe2 Kh8 22. Be6 Bg7 23. f5 Nf6 24. g4 Bxe6 25. dxe6 Rg8 26. Rf2 Nd5 27. Bd2 Nxc3 28. Bxc3 Bxc3 29. Qe3 Bg7 30. f6 exf6 31. Rxf6 Bxf6 32. Qxh6+ Qh7 33. Qxf6+ Qg7 34. Qh4+ Qh7 35. Qf6+ Qg7 36. Qh4+ Qh7 37. Qf6+ Rg7 38. Re1 Qxh3 39. b3 Qxg4+ 40. Kf2 Qd4+ 1-0